| 000 | 02207cam a22005894i 4500 | ||
|---|---|---|---|
| 003 | PE-LiUPU | ||
| 005 | 20250731170430.0 | ||
| 008 | 150623s r 000 0 d | ||
| 020 | _a0133850633 | ||
| 035 | _a(Sirsi) i9780133850635 | ||
| 040 |
_aPE-LiUPU _bspa _cPE-LiUPU _erda |
||
| 049 | _aPRUA | ||
| 082 | 0 | 4 |
_a174.2 _bG25 _221 |
| 100 | 1 |
_aGarrett, Thomas M., _d1924-, _eautor. |
|
| 245 | 1 | 0 |
_aHealth care ethics : _bprinciples and problems / _cThomas M. Garrett. |
| 264 | 1 |
_aEnglewood Cliffs, New Jersey : _bPrentice Hall, _c1989. |
|
| 300 |
_a271 páginas ; _c28 centímetros |
||
| 336 |
_atext _2rdacontent |
||
| 337 |
_aunmediated _2rdamedia |
||
| 338 |
_avolume _2rdacarrier |
||
| 504 | _aIncluye bibliografía. | ||
| 505 | 0 | _aPrinciples of health care ethics: Professional ethics and health care ethics. Principles of autonomy and informed consent. Principles of beneficence and nonmaleficence. Principles of distribution. Principles of confidentiality and truthfulness.- Problems of health care ethics: ethical problems of death and dying. Abortion. New methods of reproduction. The ethics of transplants. The ethics of testing and screening. Enforcing standards in the health professions. The ethics of biomedical research. | |
| 526 | _aSEG68 | ||
| 526 | _aSEG70 | ||
| 526 | _aSEG69 | ||
| 526 | _aSEG67 | ||
| 526 | _aSEG43 | ||
| 526 | _aP144 | ||
| 526 | _aP143 | ||
| 526 | _aP131 | ||
| 526 | _aP122 | ||
| 526 | _aP120 | ||
| 526 | _aP117 | ||
| 526 | _aP112 | ||
| 526 | _aP110 | ||
| 526 | _aP106 | ||
| 526 | _aP101 | ||
| 526 | _aP80 | ||
| 526 | _aP59 | ||
| 526 | _aP54 | ||
| 526 | _aP35 | ||
| 526 | _aP33 | ||
| 526 | _aP30 | ||
| 650 | 0 | 4 |
_aEtica medica _xEstudio de casos. |
| 650 | 0 | 4 | _aEtica médica. |
| 942 |
_2ddc _cBOOK |
||
| 949 |
_a174.2 G25 _wDEWEY _c1 _i51576 _lCCODEBUL1 _mBUL _p10.00 _r0 _sY _tBOOK _u2015-6-24 _xTEOLOGIA _PP35 _0COMPRA _o.STAFF. Colección General |
||
| 994 |
_aC0 _bPEPRU |
||
| 596 | _a1 | ||
| 999 |
_a174.2 G25 _wDEWEY _c33305 _i51576 _f2021-11-4 _g5 _lCCODEBUL1 _mBUL _p10.00 _r0 _sY _tBOOK _u2015-6-24 _xBIBLIOTECA _PP35 _0COMPRA _o.STAFF. Colección General _d33305 |
||
| 980 |
_81 _gALBERTO SANCHEZ Responsable de Automatización |
||